| 000 | 01461nam0a2200313 4500 | ||
|---|---|---|---|
| 001 | RU\NLR\bibl\1474679 | ||
| 005 | 20250616003421.0 | ||
| 010 |
_a978-5-394-00722-4 _92000 |
||
| 021 |
_aRU _b2009-105042 _96687 |
||
| 035 | _a(NLR Aleph) 001466352 | ||
| 090 |
_a1615492 _c1615492 |
||
| 100 | _a20100217d2010 |||y0rusy50 ca | ||
| 101 | 0 | _arus | |
| 102 | _aRU | ||
| 105 | _ay ||||||||| | ||
| 200 | 1 |
_aРусский язык и культура речи _eучебное пособие _e[для студентов нефилологических вузов] _fС.С. Изюмская _gпод общ. ред. д.филол.н., проф. Н.В. Малычевой _gИздат.-торговая корпорация "Дашков и К°" |
|
| 210 |
_aМосква _cАкадемцентр _d2010 [т.е. 2009] |
||
| 215 |
_a379, [1] с. _d21 |
||
| 300 | _aКн. фактически изд. в 2009 г. | ||
| 320 | _aБиблиогр. в конце кн. | ||
| 606 | 1 |
_aРусский язык _jУчебные издания для высших учебных заведений _xКультура речи _91542537 _3RU\NLR\auth\66973867 |
|
| 686 | _aШ141.12-923-72 | ||
| 700 | 1 |
_4070 _aИзюмская _bС. С. _cканд. филол. наук _gСветлана Сергеевна _9190775 _3RU\NLR\AUTH\770190826 |
|
| 801 | 0 |
_aRU _bNLR _c20100217 _gRCR |
|
| 801 | 1 |
_aRU _bNLR _c20100217 |
|
| 942 | _cBOOK | ||
| 980 | _aNB | ||